De una selección de arte mexicano (Record no. 11057)

MARC details
000 -CABECERA
campo de control de longitud fija 01226nam a22002897a 4500
001 - NÚMERO DE CONTROL
campo de control BRCA_9435
003 - IDENTIFICADOR DEL NÚMERO DE CONTROL
campo de control FranzMayer
005 - FECHA Y HORA DE LA ÚLTIMA TRANSACCIÓN
campo de control 20230918130939.0
008 - DATOS DE LONGITUD FIJA--INFORMACIÓN GENERAL
campo de control de longitud fija 230908b |||||||| |||| 00| 0 eng d
040 ## - FUENTE DE LA CATALOGACIÓN
Centro catalogador/agencia de origen MFM
Lengua de catalogación ESPAÑOL
Centro/agencia transcriptor MFM
050 #0 - SIGNATURA TOPOGRÁFICA DE LA BIBLIOTECA DEL CONGRESO
Número de clasificación NE671.M6
Número de documento/Ítem E47 1990
110 1# - ENTRADA PRINCIPAL--NOMBRE DE ENTIDAD CORPORATIVA
Código de función/relación Responsable
Nombre de entidad corporativa o nombre de jurisdicción como elemento de entrada Editorial empresario
9 (RLIN) 29721
240 ## - TÍTULO UNIFORME
Título uniforme De una selección de arte mexicano
Medio 24 grabados y recopilaciones
Lenguaje de la obra Español
245 0# - MENCIÓN DE TÍTULO
Título De una selección de arte mexicano
Resto del título 24 grabados y recopilaciones
260 ## - PUBLICACIÓN, DISTRIBUCIÓN, ETC.
Lugar de publicación, distribución, etc. México
Nombre del editor, distribuidor, etc. Editorial empresario
Fecha de publicación, distribución, etc. 1990
300 ## - DESCRIPCIÓN FÍSICA
Extensión 70 p
Otras características físicas Ilustraciones a color
Dimensiones 31 cm
500 ## - NOTA GENERAL
Nota general Anexo 1
500 ## - NOTA GENERAL
Nota general El libro contiene un sobre dentro del mismo, dedicado a la Señorita Elvia Barberena
500 ## - NOTA GENERAL
Nota general El material se encuentra en tapa dura, con una sobrecubierta exterior.
505 ## - NOTA DE CONTENIDO CON FORMATO
Nota de contenido con formato Texto en: españolDirigido a: artistas y grabadores mexicanos.
650 1# - PUNTO DE ACCESO ADICIONAL DE MATERIA--TÉRMINO DE MATERIA
Fuente del encabezamiento o término Artes visuales
Término de materia o nombre geográfico como elemento de entrada Imprentas y grabados
Subdivisión de forma Grabados
9 (RLIN) 29722
651 2# - PUNTO DE ACCESO ADICIONAL DE MATERIA--NOMBRE GEOGRÁFICO
Fuente del encabezamiento o término Historia de los grabados
Nombre geográfico Grabados mexicanos
Subdivisión de forma México
9 (RLIN) 29723
700 1# - PUNTO DE ACCESO ADICIONAL--NOMBRE DE PERSONA
Código de función/relación Pinturas
Nombre de persona Quintana Oliver, Patricia
9 (RLIN) 29724
700 1# - PUNTO DE ACCESO ADICIONAL--NOMBRE DE PERSONA
Código de función/relación Grabados
Nombre de persona Guerrero Sánchez, Gilberto
9 (RLIN) 29725
700 1# - PUNTO DE ACCESO ADICIONAL--NOMBRE DE PERSONA
Código de función/relación Textos
Nombre de persona Baños Urquijo, Francisco
9 (RLIN) 29726
942 ## - ELEMENTOS DE PUNTO DE ACCESO ADICIONAL (KOHA)
Fuente del sistema de clasificación o colocación Library of Congress Classification
Tipo de ítem Koha Libros
Holdings
Estado de retiro Estado de pérdida Fuente del sistema de clasificación o colocación Estado dañado No para préstamo Código de colección Localización permanente Ubicación/localización actual Fecha de adquisición Total de préstamos Signatura topográfica completa Código de barras Fecha visto por última vez Precio válido a partir de Tipo de ítem Koha
El ejemplar forma parte de la colección y puede ser consultado según las políticas vigentes.   Library of Congress Classification     Fondo Contemporáneo Biblioteca del Museo Franz Mayer (Rogerio Casas-Alatriste) Biblioteca del Museo Franz Mayer (Rogerio Casas-Alatriste) 08/09/2023   NE671.M6 E47 1990 CONT10208 08/09/2023 08/09/2023 Libros